000 00482nam a2200157Ia 4500
008 160316s9999 xxu||||| |||| 00| 0 eng d
082 _a362.704400
_bPUB
100 _a
245 _aPublic Interest Litigation - children of prostitutes - constitution article 21 & 32 - Juvenile Justice Act 1986
250 _a
260 _a
_b
_c0
300 _a36
_b
_c
365 _b
650 _a1. Union of India & Ors 2. Juvenile justice act 1986 3. Children of prostitutes
700 _a
_a
999 _c36661
_d36661